[Event "Muensterland Regionalliga 1718"]
[Site "Germany"]
[Date "2017.12.02"]
[Round "4.5"]
[White "Haves, Reinhard"]
[Black "Langhans, Joerg"]
[Result "1/2-1/2"]
[WhiteElo "2089"]
[BlackElo "1937"]
[PlyCount "132"]
[EventDate "2017.09.02"]
[EventType "team-tourn"]
[EventRounds "9"]
[EventCountry "GER"]
[SourceTitle "EXT 2019"]
[Source "ChessBase"]
[SourceDate "2018.10.10"]
[SourceVersion "1"]
[SourceVersionDate "2018.10.10"]
[SourceQuality "1"]
[WhiteTeam "Neuenkirchen"]
[BlackTeam "Rheine Klein Berlin"]
[WhiteTeamCountry "GER"]
[BlackTeamCountry "GER"]

1. Nf3 d5 2. d4 Nf6 3. g3 e6 4. Bg2 Be7 5. 0-0 0-0 6. c4 dxc4 7. Qc2 Nc6 8. Qxc4 Qd5 9. Qa4 Bd7 10. Nc3 Qa5 11. Qb5 Qxb5 12. Nxb5 Rfc8 13. Bd2 Nb4 14. Nc3 Bc6 15. Rfc1 Ne4 16. Be1 Ng5 17. Ne5 Bxg2 18. Kxg2 f6 19. Nf3 Nxf3 20. Kxf3 c5 21. dxc5 Rxc5 22. Ne4 Rcc8 23. Nc3 Nc6 24. Rd1 Rd8 25. e3 Nb4 26. Ke2 Nc2 27. Rac1 Nxe1 28. Kxe1 Rac8 29. Ke2 Rxd1 30. Rxd1 Rd8 31. Rxd8+ Bxd8 32. Nb5 a6 33. Nd6 b6 34. Kd3 Bc7 35. Ne4 Kf7 36. Kc4 Ke7 37. a4 Kd7 38. b4 h5 39. f4 Bd8 40. b5 a5 41. Nf2 Be7 42. Nd3 Bd6 43. e4 Bc7 44. Kd4 Bd8 45. h3 Be7 46. g4 hxg4 47. hxg4 g6 48. f5 gxf5 49. gxf5 Bd6 50. Kc4 Bg3 51. Kd4 Kd6 52. Kc4 exf5 53. exf5 Be5 54. Nf2 Ba1 55. Ng4 Bb2 56. Kb3 Bd4 57. Kc4 Bb2 58. Ne3 Ke5 59. Nd5 Kxf5 60. Nxb6 Ke5 61. Kd3 Ke6 62. Nc4 Bc1 63. Nxa5 Kd5 64. Nb3 Bf4 65. a5 Bc7 66. b6 Bxb6 1/2-1/2

[Event "Muensterland Regionalliga 1617"]
[Site "Germany"]
[Date "2017.03.11"]
[Round "7.5"]
[White "Langhans, Joerg"]
[Black "Gajic, Goran"]
[Result "1/2-1/2"]
[WhiteElo "1907"]
[BlackElo "1953"]
[PlyCount "68"]
[EventDate "2016.09.17"]
[EventType "team"]
[EventRounds "9"]
[EventCountry "GER"]
[SourceTitle "EXT 2018"]
[Source "ChessBase"]
[SourceDate "2017.10.13"]
[SourceVersion "1"]
[SourceVersionDate "2017.10.13"]
[SourceQuality "1"]
[WhiteTeam "Rheine Klein Berlin"]
[BlackTeam "Bocholt"]
[WhiteTeamCountry "GER"]
[BlackTeamCountry "GER"]

1. e4 d6 2. d4 Nf6 3. Nc3 g6 4. f4 Bg7 5. Nf3 c6 6. Bd3 Bg4 7. e5 Nd5 8. Nxd5 cxd5 9. 0-0 Qb6 10. Kh1 e6 11. c3 0-0 12. Qe1 Bf5 13. Bxf5 exf5 14. h3 Nc6 15. b3 Nd8 16. Ba3 Ne6 17. Bxd6 Rfe8 18. Qd2 Rac8 19. Rac1 Bh6 20. Ng5 Bxg5 21. fxg5 Qd8 22. c4 Nxg5 23. cxd5 Rxc1 24. Rxc1 Ne4 25. Qb4 Nf2+ 26. Kh2 Nd3 27. Qc3 Nxc1 28. Qxc1 Qa5 29. Qc4 Qd2 30. e6 Qe3 31. exf7+ Kxf7 32. Be5 Rxe5 33. dxe5 Qxe5+ 34. Kh1 Qe1+ 1/2-1/2

[Event "Muensterland Regionalliga 1617"]
[Site "Germany"]
[Date "2017.02.04"]
[Round "6.5"]
[White "Teloeken, Andreas"]
[Black "Langhans, Joerg"]
[Result "1-0"]
[WhiteElo "1980"]
[BlackElo "1907"]
[PlyCount "73"]
[EventDate "2016.09.17"]
[EventType "team"]
[EventRounds "9"]
[EventCountry "GER"]
[SourceTitle "EXT 2018"]
[Source "ChessBase"]
[SourceDate "2017.10.13"]
[SourceVersion "1"]
[SourceVersionDate "2017.10.13"]
[SourceQuality "1"]
[WhiteTeam "Suedlohn"]
[BlackTeam "Rheine Klein Berlin"]
[WhiteTeamCountry "GER"]
[BlackTeamCountry "GER"]

1. e4 e5 2. Nf3 Nf6 3. Nxe5 d6 4. Nf3 Nxe4 5. Nc3 Nxc3 6. dxc3 Be7 7. Bf4 Nd7 8. Qd2 Nc5 9. 0-0-0 Be6 10. Kb1 Qd7 11. Nd4 0-0-0 12. Nxe6 Nxe6 13. Be3 Kb8 14. g3 c6 15. c4 Qc7 16. Bg2 g5 17. Qd3 Qa5 18. Bd2 Qb6 19. Qf5 Rdf8 20. Bc3 Rhg8 21. Qxh7 Qxf2 22. Qe4 Qb6 23. Rhf1 Qc7 24. Rf5 Ng7 25. Rf2 f5 26. Qd3 f4 27. gxf4 Nf5 28. Qe4 Nh4 29. Bh1 g4 30. f5 Bf6 31. Bxf6 Rxf6 32. Qd3 Ng6 33. Qd4 Ne5 34. Re1 Qb6 35. c5 Qd8 36. cxd6 Qxd6 37. Qxe5 1-0

[Event "GER HS-179 email"]
[Site "GER email"]
[Date "2015.01.09"]
[Round "?"]
[White "Minte, Dieter"]
[Black "Langhans, Joerg"]
[Result "1/2-1/2"]
[WhiteElo "2201"]
[BlackElo "1916"]
[PlyCount "110"]
[EventDate "2015.01.16"]
[EventType "tourn (corr)"]
[EventRounds "6"]
[EventCountry "GER"]
[SourceTitle "Corr 2020"]
[Source "ChessBase"]
[SourceDate "2019.09.30"]
[SourceVersion "1"]
[SourceVersionDate "2019.09.30"]
[SourceQuality "1"]

1. d4 Nf6 2. c4 e6 3. Nf3 b6 4. g3 Ba6 5. Qb3 Nc6 6. Nbd2 Na5 7. Qa4 Bb7 8. Bg2 Rc8 9. Rb1 c5 10. dxc5 bxc5 11. 0-0 Be7 12. Re1 0-0 13. e4 Qc7 14. e5 Ng4 15. h3 Nh6 16. Ne4 Nf5 17. Bf4 Nc6 18. Rbd1 Rfd8 19. Qb3 Rb8 20. Qd3 Nb4 21. Qb1 Bxe4 22. Rxe4 d5 23. cxd5 Nxd5 24. Bd2 Qb6 25. b3 c4 26. Rxc4 Nxg3 27. Qc2 Nf5 28. Bf1 Qb7 29. Bg2 Rd7 30. Nd4 Nxd4 31. Rxd4 Qb6 32. Be1 Bc5 33. Rh4 g6 34. Rd3 Bf8 35. Bc3 Rbd8 36. Qd2 Qb8 37. Bxd5 Rxd5 38. Rhd4 Rxd4 39. Rxd4 Rxd4 40. Qxd4 a6 41. b4 Qb5 42. a3 Qc6 43. Qd3 Be7 44. Bd2 Kg7 45. Be3 Qb5 46. Qd2 h5 47. Qd4 Qa4 48. Qc3 Qd1+ 49. Kg2 Qd5+ 50. Kg1 Qd1+ 51. Kh2 Qf1 52. Qd4 Qb5 53. Qc3 Qf1 54. Qd4 Qb5 55. Qc3 Qf1 1/2-1/2

[Event "GER HS-179 email"]
[Site "GER email"]
[Date "2015.01.09"]
[Round "?"]
[White "Windecker, Andreas"]
[Black "Langhans, Joerg"]
[Result "1/2-1/2"]
[WhiteElo "2189"]
[BlackElo "1916"]
[PlyCount "76"]
[EventDate "2015.01.16"]
[EventType "tourn (corr)"]
[EventRounds "6"]
[EventCountry "GER"]
[SourceTitle "Corr 2020"]
[Source "ChessBase"]
[SourceDate "2019.09.30"]
[SourceVersion "1"]
[SourceVersionDate "2019.09.30"]
[SourceQuality "1"]

1. c4 e5 2. Nc3 Bb4 3. Nd5 Be7 4. d4 exd4 5. Qxd4 Nf6 6. Nxe7 Qxe7 7. Qe3 Nc6 8. Qxe7+ Kxe7 9. f3 d6 10. Bd2 Be6 11. Rc1 Nd7 12. Nh3 Bxh3 13. gxh3 f6 14. h4 a5 15. Bh3 Nc5 16. Kf2 Kf7 17. Be3 Rad8 18. h5 g6 19. Rcd1 b6 20. b3 a4 21. Rb1 axb3 22. axb3 Ne5 23. Bg2 Ne6 24. h3 g5 25. Bc1 f5 26. h4 h6 27. Ra1 Kf6 28. Ra7 Rh7 29. Bh3 Rg8 30. Bd2 Re7 31. Rg1 Ree8 32. hxg5+ hxg5 33. e4 g4 34. fxg4 fxg4 35. Bg2 g3+ 36. Ke3 Ra8 37. Rxa8 Rxa8 38. Bc3 Ra3 1/2-1/2

[Event "Muensterland Regionalliga 1415"]
[Site "Germany"]
[Date "2014.09.20"]
[Round "1.4"]
[White "Mueller, Achim"]
[Black "Langhans, Joerg"]
[Result "1-0"]
[WhiteElo "2044"]
[BlackElo "1955"]
[PlyCount "97"]
[EventDate "2014.09.20"]
[EventType "team-tourn"]
[EventRounds "9"]
[EventCountry "GER"]
[SourceTitle "EXT 2016"]
[Source "ChessBase"]
[SourceDate "2015.10.08"]
[SourceVersion "1"]
[SourceVersionDate "2015.10.08"]
[SourceQuality "1"]
[WhiteTeam "Emsdetten Rochade"]
[BlackTeam "Rheine Klein Berlin"]
[WhiteTeamCountry "GER"]
[BlackTeamCountry "GER"]

1. e4 e5 2. Nf3 Nf6 3. Nxe5 d6 4. Nf3 Nxe4 5. d4 d5 6. Bd3 Be7 7. 0-0 Nc6 8. Nc3 Nxc3 9. bxc3 0-0 10. h3 Bf6 11. Re1 Re8 12. Rxe8+ Qxe8 13. Bf4 Qe7 14. Qd2 Be6 15. Re1 Qd7 16. Bg5 Bxg5 17. Qxg5 Qe7 18. Bxh7+ Kf8 19. Qh5 Qf6 20. Bd3 g6 21. Qg5 Kg7 22. Qxf6+ Kxf6 23. Ne5 Nxe5 24. Rxe5 Rd8 25. f4 c6 26. Kf2 b5 27. g4 Rh8 28. Kg3 Rg8 29. h4 Rg7 30. g5+ Ke7 31. h5 f6 32. gxf6+ Kxf6 33. hxg6 Bd7 34. Rh5 Be8 35. f5 Re7 36. Kf4 a5 37. Rh8 Re1 38. Rh7 a4 39. Rc7 Ra1 40. Rc8 Re1 41. Rd8 Ke7 42. Rb8 Kf6 43. Rb7 Ra1 44. Rc7 Rg1 45. a3 Re1 46. g7 Rg1 47. Rc8 Ke7 48. f6+ Kf7 49. Bh7 1-0

[Event "Muensterland Verbandsliga 1213"]
[Site "Germany"]
[Date "2013.02.02"]
[Round "6.5"]
[White "Langhans, Joerg"]
[Black "Boelker, Franz"]
[Result "1/2-1/2"]
[WhiteElo "1955"]
[BlackElo "1798"]
[PlyCount "91"]
[EventDate "2012.09.22"]
[EventType "team-tourn"]
[EventRounds "9"]
[EventCountry "GER"]
[SourceTitle "EXT 2015"]
[Source "ChessBase"]
[SourceDate "2014.11.20"]
[SourceVersion "1"]
[SourceVersionDate "2014.11.20"]
[SourceQuality "1"]
[WhiteTeam "Rheine Klein Berlin"]
[BlackTeam "Raesfeld Erle"]
[WhiteTeamCountry "GER"]
[BlackTeamCountry "GER"]

1. e4 c5 2. Nc3 d6 3. f4 e6 4. Nf3 Be7 5. Bb5+ Nd7 6. 0-0 a6 7. Be2 b5 8. d3 Bb7 9. Qe1 Qc7 10. Bd2 Bf6 11. Nd1 Ne7 12. c3 c4 13. Nf2 Ng6 14. d4 Nh4 15. Ng4 Nxf3+ 16. Bxf3 Be7 17. f5 e5 18. Qg3 h5 19. Ne3 Bf6 20. Nc2 a5 21. Bg5 Qd8 22. Bxf6 Qxf6 23. a4 b4 24. cxb4 Rb8 25. Rfd1 axb4 26. dxe5 Nxe5 27. Nxb4 0-0 28. Nd5 Bxd5 29. Rxd5 h4 30. Qf4 Rxb2 31. Rad1 Rb6 32. Be2 Ra8 33. a5 Rc6 34. Qc1 h3 35. g3 Rac8 36. Qc2 Qh6 37. Qc1 Qxc1 38. Rxc1 Ra8 39. Kf2 Kf8 40. Ke3 Ke7 41. Rb5 Rc7 42. Rc3 Rac8 43. Rb4 Ra8 44. Ra4 Rc5 45. a6 Rc6 46. Bf1 1/2-1/2

[Event "Steinfurt Bezirk-ch 1314"]
[Site "Rheine"]
[Date "2013.??.??"]
[Round "3"]
[White "Langhanke, Guenther"]
[Black "Langhans, Joerg"]
[Result "1/2-1/2"]
[WhiteElo "2160"]
[BlackElo "1952"]
[PlyCount "92"]
[EventDate "2013.??.??"]
[EventType "swiss"]
[EventRounds "6"]
[EventCountry "GER"]
[SourceTitle "EXT 2015"]
[Source "ChessBase"]
[SourceDate "2014.11.20"]
[SourceVersion "1"]
[SourceVersionDate "2014.11.20"]
[SourceQuality "1"]

1. e4 e5 2. Nf3 Nc6 3. Nc3 Nf6 4. Bb5 Bb4 5. 0-0 0-0 6. d3 d6 7. Bg5 Bxc3 8. bxc3 Qe7 9. Re1 Nd8 10. d4 Ne6 11. Bc1 c5 12. Bf1 Rd8 13. Nh4 cxd4 14. Nf5 Qc7 15. cxd4 Nxd4 16. Nxd4 exd4 17. Qxd4 Qc5 18. Qd2 Be6 19. Bb2 Ng4 20. Bd4 Qh5 21. h3 Ne5 22. f4 Nc6 23. Be3 d5 24. e5 Qg6 25. Bd3 Bf5 26. Bxf5 Qxf5 27. c3 b6 28. g4 Qd7 29. Qg2 Na5 30. f5 Qc7 31. Bd4 Nc6 32. f6 Nxd4 33. cxd4 Qc3 34. Rad1 Rac8 35. Kh2 Qc2 36. Rd2 Qg6 37. fxg7 Rc3 38. Qf2 Qh6 39. h4 Rdc8 40. Rf1 Qxg7 41. Qg2 Qh6 42. Qf2 R8c7 43. Re2 Qe6 44. Qf4 Rc2 45. Rff2 Rxe2 46. Rxe2 Rc3 1/2-1/2

[Event "Muensterland Verbandsliga 1213"]
[Site "Germany"]
[Date "2012.09.22"]
[Round "1.5"]
[White "Langhans, Joerg"]
[Black "Haas, Kai Markus"]
[Result "1/2-1/2"]
[WhiteElo "1955"]
[BlackElo "1923"]
[PlyCount "32"]
[EventDate "2012.09.22"]
[EventType "team-tourn"]
[EventRounds "9"]
[EventCountry "GER"]
[SourceTitle "EXT 2015"]
[Source "ChessBase"]
[SourceDate "2014.11.20"]
[SourceVersion "1"]
[SourceVersionDate "2014.11.20"]
[SourceQuality "1"]
[WhiteTeam "Rheine Klein Berlin"]
[BlackTeam "Sendenhorst"]
[WhiteTeamCountry "GER"]
[BlackTeamCountry "GER"]

1. e4 e6 2. d4 d5 3. Nc3 Nf6 4. Bg5 Bb4 5. e5 h6 6. Bd2 Bxc3 7. bxc3 Ne4 8. Qg4 Kf8 9. Nf3 c5 10. Bd3 Nxd2 11. Nxd2 c4 12. Be2 Qg5 13. Qf3 Nc6 14. Rb1 Rb8 15. h4 Qe7 16. Qf4 b5 1/2-1/2